[Event "Orbis-2 GM 2018"]
[Site "Paracin"]
[Date "2018.12.03"]
[Round "1"]
[White "Kosic, Dragan"]
[Black "Krishnater Kushager"]
[Result "1-0"]
[WhiteElo "2488"]
[BlackElo "2305"]
[Annotator "TA"]
[PlyCount "111"]
[EventDate "2018.12.03"]
[EventType "tourn"]
[EventCountry "SRB"]
[SourceTitle "playchess.com"]
[Source "ChessBase"]
[SourceQuality "1"]

{[%evp 17,111,23,39,0,22,0,0,-25,-25,-37,-28,-22,0,-77,-75,-87,-55,-61,20,17,39,33,45,37,36,43,43,41,30,30,33,41,101,100,102,100,92,94,96,90,95,109,180,110,122,128,135,131,139,135,135,135,122,85,77,68,243,91,222,228,256,256,254,170,216,213,232,219,267,260,246,201,203,185,337,337,320,20,20,20,20,20,20,8,20,20,20,16,16,16,414,414,1160,1003,586,568]} 1. d4 Nf6 2. Nf3 g6 3. c4 Bg7 4. Nc3 O-O 5. e4 d6 6. Be2 e5 7. Be3 c6 8. dxe5 dxe5 9. O-O Qc7 10. Nd2 {[%cal Bf3d2,Bd2c4,Bc4d6][%mdl 32] E92: King's Indian: Classical: 6 Be2 e5: 7 dxe5, 7 Be3 and Petrosian System without 7...Nbd7} Rd8 (10... b6 11. b4 Nbd7 12. c5 bxc5 13. bxc5 Rd8 14. Qa4 Nf8 15. f3 Ne6 16. Ba6 Rxd2 17. Bxc8 Rd3 18. Bxe6 Rxe3 {1-0 (33) Matthiesen,M (2330)-Petersen,F (2078) Ballerup 2018}) 11. c5 Nbd7 12. Qc1 $146 {The position is equal.} ({Predecessor:} 12. f4 Bh6 13. g3 exf4 14. gxf4 Nxc5 15. Qc2 Qe7 16. Kg2 Bg4 17. Bc4 b5 18. Bb3 Nxb3 19. axb3 {0-1 (37) Hoang,V (2204)-Vo,P (2005) Ho Chi Minh 2017}) 12... Nf8 13. Nc4 Ne6 14. Nd6 Nd4 15. Bc4 (15. f4 $11 Rxd6 16. cxd6 Qxd6 17. Qd2) 15... Be6 $17 16. Ne2 {[#]} Bxc4 $1 17. Qxc4 Nxe2+ (17... Ne6 $15) 18. Qxe2 $11 Bf8 19. f4 $1 {[%cal Rf4e5]} Bxd6 20. cxd6 Qxd6 21. fxe5 $1 Qxe5 22. Qf2 $1 {[%cal Rf2f6]} Ng4 {[%csl Gg4][%cal Re5h2]} ({Don't blunder} 22... Qxe4 $2 23. Rae1 $18) 23. Qxf7+ {[%mdl 64] Double Attack} Kh8 {[%csl Gg4][%cal Re5h2]} 24. Bf4 Qd4+ (24... Qxe4 $14 25. Qxb7 Qd4+ 26. Kh1 Rf8) 25. Kh1 $16 Rf8 ({Not} 25... Qxb2 $2 26. Rab1 $18) 26. Qxb7 Rae8 27. Bg3 ({Don't play} 27. Qxc6 Nf2+ 28. Rxf2 Qxf2 $11) 27... Qxe4 28. Qxa7 Ne3 {[%csl Ge3][%cal Re4g2] [#]} 29. Rg1 $1 $40 {[%mdl 128] White is out for blood.} h5 (29... Kg8 $16) 30. Be1 (30. Rae1 $18) 30... Re7 31. Bc3+ Kg8 32. Qd4 Qxd4 33. Bxd4 Re4 34. Bc5 Rf5 35. Rac1 Nc4 36. b4 Ne5 $2 ({Better is} 36... Nb2 $14) 37. Rc3 $2 (37. Rgd1 $18 {and White stays clearly on top.}) 37... Re2 (37... Nd7 $16) 38. a4 $18 Ng4 39. h3 Nf6 40. Bd6 Ne4 41. Rxc6 Rf6 42. Rc8+ Kh7 43. Bb8 g5 44. Rgc1 g4 45. R8c7+ Kg8 $2 (45... Kg6) 46. hxg4 hxg4 {[%cal Bh5g4,Bg4g3][%mdl 32]} 47. Rb7 $2 (47. R7c2 $18 Rxc2 48. Rxc2) 47... g3 $1 $11 {aiming for ...Rc2!} 48. Kg1 {Hoping for Ba7.} Rff2 $1 {[%cal Rf2g2]} 49. Rc8+ Rf8 50. Rxf8+ Kxf8 {[%cal Re2e1]} 51. Bxg3 Nxg3 {KRN-KR} 52. b5 {Threatens to win with a5.} Ra2 53. b6 {And now Rb8+ would win.} Ne4 $2 {[%mdl 8192]} (53... Rxa4 $11 {and Black is okay.} 54. Rc7 Rf4) 54. Rc7 $18 Ra1+ (54... Nd6 $142 55. Rd7 Rxa4 56. Rxd6 Rb4) 55. Kh2 Nd6 56. Rd7 {Accuracy: White = 56%, Black = 39%.} 1-0

[Event "Orbis-2 GM 2018"]
[Site "Paracin"]
[Date "2018.12.03"]
[Round "1"]
[White "Pikula, Dejan"]
[Black "Savic, Miodrag R"]
[Result "1/2-1/2"]
[WhiteElo "2486"]
[BlackElo "2511"]
[Annotator "TA"]
[PlyCount "30"]
[EventDate "2018.12.03"]
[EventType "tourn"]
[EventCountry "SRB"]
[SourceTitle "playchess.com"]
[Source "ChessBase"]
[SourceQuality "1"]

{[%evp 17,30,35,35,27,38,28,41,30,40,33,27,16,28,18,22]} 1. e4 d5 2. exd5 Qxd5 3. Nc3 Qd6 4. d4 Nf6 5. Nf3 c6 6. g3 {B01: Scandinavian Defence} (6. h3 Nbd7 7. Bd3 g6 8. O-O Bg7 9. Re1 O-O 10. Qe2 e6 11. Bg5 b6 12. Rad1 Bb7 13. Ne5 c5 14. dxc5 Qxe5 15. Qxe5 Nxe5 16. Rxe5 {1-0 (90) Guseinov,G (2645)-Carlsen,M (2832) chess.com INT 2017}) 6... Bg4 7. Bg2 e6 8. O-O Be7 9. Ne2 O-O {LiveBook: 3 Games} 10. c4 Qc7 11. h3 $146 {[#] Hoping for Bf4.} ({Predecessor:} 11. Be3 Nbd7 12. Qc2 Bf5 13. Qb3 Qb6 {1-0 (51) Niehaus,F (2201)-Dufner,A (2042) Berlin 2010}) 11... Bxf3 12. Bxf3 Nbd7 13. b3 Rad8 14. Qc2 Rfe8 15. Bb2 e5 1/2-1/2

[Event "Orbis-2 GM 2018"]
[Site "Paracin"]
[Date "2018.12.03"]
[Round "1"]
[White "Stankovic, Milos"]
[Black "Aithmidou, Mohamed-Mehdi"]
[Result "0-1"]
[WhiteElo "2451"]
[BlackElo "2261"]
[Annotator "TA"]
[PlyCount "80"]
[EventDate "2018.12.03"]
[EventType "tourn"]
[EventCountry "SRB"]
[SourceTitle "playchess.com"]
[Source "ChessBase"]
[SourceQuality "1"]

{[%evp 24,80,21,0,0,0,0,0,0,0,11,-39,0,0,0,0,0,-2,4,-63,0,0,0,0,0,-20,0,0,0,-63,-70,-70,-66,-165,-164,-190,-70,-76,-72,-79,-61,-57,-51,-119,-108,-215,-215,-191,-198,-243,-236,-231,-234,-229,-225,-1036,-1025,-990,-967]} 1. e4 {[%cal Be2e4,Be4e5][%mdl 32]} e6 2. d4 d5 3. Nc3 Nf6 4. e5 Nfd7 5. f4 c5 6. Nf3 a6 7. Be3 Qb6 8. a3 Nc6 {C11: French: Classical System: 4 e5 and 4 Bg5 dxe4} 9. dxc5 (9. Na4 Qa5+ 10. c3 c4 11. Be2 Be7 12. O-O O-O 13. b4 cxb3 14. Qxb3 Qc7 15. Bd3 f5 16. exf6 Nxf6 {1-0 (45) Nepomniachtchi,I (2751)-Morozevich,A (2665) Moscow 2018}) 9... Bxc5 10. Na4 Qa5+ 11. b4 Qxa4 12. bxc5 O-O 13. c4 {LiveBook: 23 Games} Qa5+ 14. Qd2 Qxd2+ 15. Kxd2 Rd8 {[%cal Bf8d8,Bd8d7,Bd7c7][%mdl 32]} 16. Kc3 {[#]} Ne7 $146 17. Bf2 Nf8 (17... b6 $5) 18. Rb1 Rd7 19. Nd4 Rc7 20. Nb3 Nd7 21. Bd3 (21. g3 $11) 21... a5 ({Black should play} 21... dxc4 $15 22. Bxc4 b5 23. cxb6 Nd5+ 24. Kd4 N7xb6 25. Bxd5 Nxd5) 22. a4 dxc4 23. Bxc4 b6 {[%mdl 64] Decoy} 24. cxb6 Nxb6 25. Bxb6 Nd5+ {[%mdl 64] Double Attack} 26. Kd3 (26. Kd4 $11 Nxb6 27. Rhc1) 26... Nxb6 $15 27. Bb5 $1 Bb7 28. Nd4 {[#]} (28. Rbc1 $15 Bxg2 29. Rxc7 Bxh1 30. Rc1) 28... Nd5 $1 $19 29. Rhf1 {[#]} Nb4+ (29... Rd8 $1 $19 {Threatens to win with ...Nb4+.} 30. Rbd1 Rc3+ 31. Kd2 Ra3) 30. Ke2 $15 Bxg2 31. Rfc1 Rac8 32. Rxc7 Rxc7 33. Kf2 (33. Nb3 $15) 33... Bd5 $17 34. f5 (34. Ne2 $17) 34... exf5 $19 35. Nxf5 g6 ({Don't play} 35... Be4 36. Rd1 $17) 36. Nd6 Rc2+ 37. Kg3 Rg2+ 38. Kh3 Rg5 39. Re1 $2 (39. Kh4 Rxe5 40. Rg1) 39... Be6+ 40. Kh4 Rg4+ {Accuracy: White = 29%, Black = 60%.} 0-1

[Event "Orbis-2 GM 2018"]
[Site "Paracin"]
[Date "2018.12.03"]
[Round "1"]
[White "Djordjevic, Vuk"]
[Black "Gukesh D"]
[Result "0-1"]
[WhiteElo "2414"]
[BlackElo "2466"]
[Annotator "TA"]
[PlyCount "90"]
[EventDate "2018.12.03"]
[EventType "tourn"]
[EventCountry "SRB"]
[SourceTitle "playchess.com"]
[Source "ChessBase"]
[SourceQuality "1"]

{[%evp 17,90,-1,-1,-27,0,-6,0,5,-4,-20,-18,-36,-31,-57,-48,-36,-42,-52,-58,-112,-64,-69,-66,-125,-69,-69,-50,-52,-46,-49,-35,-35,-37,-54,-59,-55,-33,-70,-10,-46,-8,0,39,0,0,0,103,85,94,0,0,-3,0,-81,-67,-57,-58,-116,-100,-569,-552,-710,-706,-708,-686,-681,-603,-852,-855,-780,-760,-726,-710,-661,-638]} 1. e4 c5 2. Nc3 Nc6 3. g3 Rb8 4. Bg2 b5 5. a3 g6 6. f4 Bg7 7. Nf3 d6 8. d3 e6 {B25: Closed Sicilian: 3 g3, lines without early Be3} 9. O-O (9. Be3 Nge7 10. d4 b4 11. axb4 Rxb4 12. dxc5 d5 13. exd5 exd5 14. Ne5 Nxe5 15. fxe5 d4 16. Bg5 dxc3 17. Qxd8+ Kxd8 18. bxc3 {1-0 (25) Navara,D (2638)-Sasikiran,K (2711) Wijk aan Zee 2009}) 9... Nge7 {LiveBook: 9 Games} 10. Ne2 f5 $146 {Black has an edge.} ({Predecessor:} 10... O-O 11. h3 d5 12. Qe1 dxe4 13. dxe4 Nd4 14. Nexd4 cxd4 15. e5 Bb7 16. Bd2 {0-1 (44) Kutnik,A (2256)-Manolache,M (2399) Techirghiol 2000}) 11. c3 O-O 12. Be3 a5 {[%cal Ba7a5,Ba5a4][%mdl 32]} 13. Qd2 a4 14. Qc2 Bb7 15. h3 Qd7 16. Rad1 Rbc8 17. Qd2 Na5 18. exf5 ({White should try} 18. Qc2 $15) 18... exf5 19. Nc1 Nd5 20. Rfe1 {[#]} (20. Bf2 $15) 20... Bc6 (20... b4 $1 $17 {[%cal Rb4c3]} 21. cxb4 cxb4) 21. Bf2 Rfe8 22. Rxe8+ Rxe8 23. Re1 Nc7 24. Rxe8+ Qxe8 25. Ne1 {[%cal Bf3e1,Be1g2,Bg2e3][%mdl 32]} Bxg2 26. Nxg2 Kf7 27. Ne3 Qe6 ({Better is} 27... Qc6 $15) 28. Qe2 Nb3 29. Nxb3 Qxb3 30. g4 fxg4 31. hxg4 Ne6 {[#]} (31... Nd5 $11) 32. Qf3 $1 $16 Kg8 33. Qe4 ({White should play} 33. f5 $16) 33... Nf8 $11 34. f5 Qxb2 35. g5 (35. Nd5 $1 $11) 35... gxf5 $17 ({Don't blunder} 35... Qxa3 $2 36. Qd5+ Kh8 37. f6 $18) 36. Nxf5 {Black must now prevent Qe7.} Qc1+ {[%mdl 64] Double Attack} ({But not} 36... Qxa3 $2 37. Qe7 $18) (36... Bxc3 37. Qd5+ Kh8 38. Qxd6 $11) 37. Kh2 (37. Kg2 $15 Qxg5+ 38. Bg3) 37... Be5+ ({Weaker is} 37... Qxa3 38. Qe7 Qxc3 39. d4 Be5+ 40. Kg2 Qh3+ 41. Kxh3 h5 42. Nh6+ Kh8 43. Qxf8+ Kh7 44. Qg8#) 38. Kh3 $2 {[%mdl 8192]} (38. Kg2 $17 {is tougher.}) 38... Qf1+ $19 {[%mdl 64] Double Attack. Black is clearly winning.} 39. Kg4 {Qd5+ is the strong threat.} Qxf2 40. d4 cxd4 41. cxd4 Qg1+ 42. Kh3 Qf1+ 43. Kg4 Qd1+ 44. Kh3 Qh5+ 45. Kg2 Qxg5+ {Accuracy: White = 35%, Black = 40%.} 0-1

[Event "Orbis-2 GM 2018"]
[Site "Paracin"]
[Date "2018.12.03"]
[Round "1"]
[White "Der Manuelian, Haik"]
[Black "Mendonca, Leon Luke"]
[Result "1-0"]
[WhiteElo "2262"]
[BlackElo "2350"]
[Annotator "TA"]
[PlyCount "85"]
[EventDate "2018.12.03"]
[EventType "tourn"]
[EventCountry "SRB"]
[SourceTitle "playchess.com"]
[Source "ChessBase"]
[SourceQuality "1"]

{[%evp 12,85,6,-12,0,-7,-11,-50,0,-19,-7,-17,-32,-63,25,32,18,-103,11,0,33,12,158,141,159,132,139,50,47,52,44,40,47,50,834,836,796,796,764,723,1169,1162,1124,1113,29968,732,651,499,434,396,324,331,331,328,325,325,455,440,504,517,807,800,1327,1358,1144,1068,1312,1415,1245,897,895,883,1001,1009,1185,1020]} 1. e4 c5 2. Nc3 d6 3. d4 cxd4 4. Qxd4 Nc6 5. Qd2 Nf6 (5... g6 6. b3 Bh6 7. f4 f5 8. Bb2 Nf6 9. Bd3 Qa5 10. exf5 Bxf5 11. Nge2 Bxd3 12. Qxd3 {1-0 (42) Nakamura,H (2769)-Grischuk,A (2766) Leuven 2018}) 6. b3 {B23: Closed Sicilian: Lines without g3} a6 7. Bb2 {LiveBook: 6 Games} b5 $146 ({Predecessor:} 7... e6 8. O-O-O Be7 9. f3 b5 10. Kb1 Bb7 11. g4 {½-½ (44) Lagarde,M (2604)-Donchenko,A (2587) Brest 2018}) 8. Bd3 {The position is equal.} e6 9. O-O-O Be7 10. Kb1 Bb7 11. f4 O-O 12. Nf3 Nd7 (12... Nb4 $1 $15) 13. e5 dxe5 {[#]} 14. Rhe1 (14. Bxh7+ $1 $11 {[%mdl 512]} Kxh7 15. Qxd7) 14... exf4 (14... Nc5 $17 15. Qe2 Qc7 16. Nxe5 Nxe5 17. fxe5 Nxd3 18. Rxd3 Rac8) 15. Qxf4 $11 Qb8 16. Qg4 (16. Qe4 $5 {[%cal Re4h7]} Nf6 17. Qh4 $15) 16... Nce5 (16... f5 $11 17. Qh3 Nc5) 17. Nxe5 Nxe5 {[#]} 18. Bxh7+ $1 {[%mdl 576] Decoy} Kxh7 {[#]} 19. Qh5+ $40 {[%mdl 128] White mounts an attack.} ({White has to play} 19. Rxe5 $1 $16 {[%mdl 512] White wants to mate with Nd5!} Qxe5 20. Ne4 Qxb2+ 21. Kxb2) 19... Kg8 $14 {...Ng6 is the strong threat.} 20. Rxe5 {And now Rd3 would win.} Bf6 {[#]} ({Not} 20... Bxg2 $2 21. Ne4 $18) 21. Ne4 $1 {[%mdl 512]} Bxe4 $1 22. Rxe4 {Bxf6 would kill now.} Rd8 $2 {[%mdl 8192] [#]} (22... Qb7 $14 23. Re3 g6) 23. Bxf6 $1 $18 Rxd1+ 24. Qxd1 gxf6 {[%mdl 4096] Endgame KQR-KQR} 25. Rh4 f5 26. Qd4 {[%csl Gd4][%cal Rh4h8]} e5 27. Qd3 f4 28. Qf5 (28. Rh6 $142 Qc7 29. Qh7+ Kf8 30. Qh8+ Ke7 31. Qf6+ Kd7 32. Qxf7+ Kc8 33. Qd5) 28... Qd6 29. Qg5+ ({Less strong is} 29. Qh7+ Kf8 $14) 29... Qg6 30. Qxe5 {[%csl Ge5][%cal Rh4h8]} Qg7 31. Qxg7+ Kxg7 32. Rxf4 {KR-KR} Re8 33. h4 {[%cal Bh2h4,Bh4h5][%mdl 32]} Re2 34. g4 {White is clearly winning.} Rh2 35. h5 f6 (35... Kf8 $142 36. c4 Rh1+ 37. Kc2 Rh2+ 38. Kc3 bxc4 39. bxc4 Rxa2) 36. a4 Re2 37. axb5 axb5 38. Kb2 Re6 39. Kc3 Rc6+ 40. Kd3 Kh6 41. Rf5 Rd6+ 42. Kc3 Rc6+ 43. Kb4 {Accuracy: White = 55%, Black = 31%.} 1-0

[Event "Orbis-2 GM 2018"]
[Site "Paracin"]
[Date "2018.12.04"]
[Round "2"]
[White "Savic, Miodrag R"]
[Black "Der Manuelian, Haik"]
[Result "1-0"]
[WhiteElo "2511"]
[BlackElo "2262"]
[Annotator "TA"]
[PlyCount "45"]
[EventDate "2018.12.03"]
[EventType "tourn"]
[EventCountry "SRB"]
[SourceTitle "playchess.com"]
[Source "ChessBase"]
[SourceQuality "1"]

{[%evp 23,45,6,5,-9,-8,-14,47,45,60,59,53,52,68,54,63,43,197,202,470,464,387,247,671,640]} 1. e4 e5 2. Nf3 Nc6 3. Bc4 Bc5 4. O-O Nf6 5. d3 a6 6. c3 d6 7. Bb3 O-O 8. Re1 {C54: Giuoco Piano: 4 c3 Nf6, main lines with 5 d4 and 5 d3} h6 9. h3 Re8 10. Nbd2 {[%cal Bb1d2,Bd2f1,Bf1e3,Be3d5][%mdl 32]} Be6 11. Bxe6 (11. Bc2 d5 12. exd5 Qxd5 13. b4 Bf8 14. a4 b5 {½-½ (60) Aronian,L (2764)-Karjakin,S (2782) Paris 2018}) 11... Rxe6 12. Nf1 d5 {LiveBook: 5 Games} 13. Qb3 {[#]} dxe4 $146 ({Predecessor:} 13... Qd7 14. Ng3 Rd8 15. Bd2 dxe4 16. dxe4 Rd6 17. Be3 Na5 18. Qc2 Bxe3 19. Rxe3 {1-0 (34) Landa,K (2584)-Neverov,V (2556) Port Erin 2006}) 14. dxe4 Kh7 (14... Qd3 $11) 15. Be3 $14 Bxe3 16. Nxe3 Ne7 ({Much weaker is} 16... Nxe4 17. Qc2 $16) 17. Rad1 Qc8 18. Nh4 b6 19. Nd5 g6 $2 {[#]} (19... Nexd5 $14 20. exd5 Re8) 20. f4 $1 $18 {[%cal Bf2f4,Bf4f5,Bf5g6][%mdl 32]} Nc6 $2 (20... Kg7 21. fxe5 Nd7) 21. f5 Na5 22. Qa3 Rd6 $2 (22... Nxd5 23. fxe6 Nf6 24. exf7 Qf8) 23. fxg6+ {Accuracy: White = 44%, Black = 13%.} 1-0

[Event "Orbis-2 GM 2018"]
[Site "Paracin"]
[Date "2018.12.04"]
[Round "2"]
[White "Gukesh D"]
[Black "Mendonca, Leon Luke"]
[Result "1-0"]
[WhiteElo "2466"]
[BlackElo "2350"]
[Annotator "TA"]
[PlyCount "101"]
[EventDate "2018.12.03"]
[EventType "tourn"]
[EventCountry "SRB"]
[SourceTitle "playchess.com"]
[Source "ChessBase"]
[SourceQuality "1"]

{[%evp 17,101,28,33,31,47,44,40,33,55,46,50,50,56,41,56,20,38,20,20,20,20,15,28,29,29,29,29,29,29,27,30,20,24,19,34,34,33,39,38,31,29,28,65,68,79,66,69,70,212,191,253,251,256,264,263,256,273,269,273,268,263,230,258,248,235,210,238,212,250,254,229,123,320,303,397,387,380,399,376,377,406,406,1149,987,869,832]} 1. Nf3 Nf6 2. g3 g6 3. b3 Bg7 4. Bb2 O-O 5. Bg2 d5 6. c4 c6 7. O-O Bg4 8. d4 Bxf3 {D78: Fianchetto Grünfeld: 6 0-0 c6} (8... Nbd7 9. Nc3 Qa5 10. Rc1 Bxf3 11. Bxf3 e6 12. e3 Rfc8 13. Qe2 a6 14. Rfd1 b5 15. e4 bxc4 16. bxc4 {1-0 (54) Le,Q (2715)-Melkumyan,H (2660) chess.com INT 2018}) 9. Bxf3 e6 {LiveBook: 7 Games} 10. Nc3 a5 {White is slightly better.} 11. e3 Nbd7 12. Qe2 $146 ({Predecessor:} 12. Bg2 Qe7 13. f4 Rfd8 14. Qe2 Ne8 15. Rfc1 a4 16. Rab1 axb3 17. axb3 f5 18. c5 Nc7 19. Ra1 {½-½ (19) Antipov,M (2538)-Ali Marandi,C (2422) Khanty-Mansiysk 2015}) 12... Qb6 13. Rfc1 Rfe8 14. Qc2 Red8 15. a3 Qa6 16. c5 b5 17. cxb6 Nxb6 18. Ne2 Rdc8 19. Nf4 Nfd7 20. Be2 Qa7 21. Nd3 a4 {White should prevent ...axb3.} 22. b4 Nc4 23. Bc3 Ndb6 24. Be1 Qe7 25. Qa2 Rc7 26. Rc2 Qe8 27. Rac1 Rcc8 28. Bc3 f6 29. Bg4 f5 30. Be2 g5 31. Ne5 Nxe5 32. dxe5 Nd7 ({Black should play} 32... c5 $14) 33. Bd4 $18 Bxe5 (33... Bf8 $142 34. f4 (34. Rxc6 Rxc6 35. Rxc6 Nxe5 $16) 34... c5) 34. Rxc6 Bxd4 35. exd4 Rxc6 36. Rxc6 Rc8 {[#]} 37. Bh5 $1 {[%mdl 512]} Qd8 (37... Qxh5 38. Rxc8+) 38. Qc2 ({But not} 38. Rxe6 $6 Nf6 $18) 38... Nb6 39. Qc5 Qd7 40. b5 Rxc6 41. bxc6 ({Worse is} 41. Qxc6 Qxc6 42. bxc6 Kf8 $11) 41... Qc7 42. Be2 g4 43. Bb5 Kf7 44. Qc1 ({White should try} 44. Qb4 $18) 44... Kg6 $2 (44... Nc4 $16 45. Bxa4 (45. Qh6 Qa5 $14) 45... Qa5) 45. Qe3 Qd6 {[#]} 46. c7 $1 {[%mdl 576] Deflection} Qxc7 47. Qxe6+ Kg7 48. Qxf5 Qc1+ 49. Kg2 {Black must now prevent Qe5+.} Qxa3 (49... Qh6 $142 50. Be8 Qf6 51. Qxg4+ Kf8) 50. Qxg4+ Kf6 51. Qf4+ {Accuracy: White = 70%, Black = 47%.} 1-0

[Event "Orbis-2 GM 2018"]
[Site "Paracin"]
[Date "2018.12.04"]
[Round "2"]
[White "Djordjevic, Vuk"]
[Black "Stankovic, Milos"]
[Result "1/2-1/2"]
[WhiteElo "2414"]
[BlackElo "2451"]
[Annotator "TA"]
[PlyCount "141"]
[EventDate "2018.12.03"]
[EventType "tourn"]
[EventCountry "SRB"]
[SourceTitle "playchess.com"]
[Source "ChessBase"]
[SourceQuality "1"]

{[%evp 16,141,-27,-67,-68,-74,-60,-92,-92,-110,-106,-95,-97,-104,-68,-64,-57,-94,-82,-88,0,0,0,0,0,0,0,0,0,-50,13,25,10,0,77,31,27,-325,-320,-779,-650,-1015,-983,-981,-610,-577,-218,-222,-39,-32,-17,-31,0,-415,-420,-684,-676,-671,-666,-610,-603,-844,0,-1,-1,-2,0,0,17,17,17,17,83,84,164,49,49,22,49,49,49,49,49,49,49,49,49,49,49,49,49,49,49,49,49,8,8,8,16,8,8,8,8,8,8,8,49,49,49,49,49,49,49,49,49,49,49,49,49,49,49,49,49,8,8,0,0,0]} 1. d4 e6 2. Nf3 Nf6 3. Bg5 c5 4. e3 Be7 5. c4 cxd4 6. exd4 d5 7. Nc3 O-O 8. c5 b6 9. b4 {LiveBook: 7 Games} Ne4 {B14: Caro-Kann: Panov-Botvinnik Attack with 5...e6 and 5...g6} (9... bxc5 10. bxc5 Nc6 11. Bb5 Bd7 12. O-O Na5 13. Bd3 Nc6 14. Rc1 Nb4 15. Bb1 Qa5 16. Ne5 Bb5 17. Nxb5 Qxb5 {0-1 (48) Mroziak,M (2280)-Kanarek,M (2533) Hucisko 2016}) 10. Bxe7 Qxe7 11. Qc2 a5 {Black is better.} 12. Na4 (12. Nxe4 $6 dxe4 13. Ne5 (13. Qxe4 Bb7 $17) 13... Rd8 $11) 12... axb4 $146 ({Predecessor:} 12... Nc6 13. Nxb6 Nxb4 14. Qc1 Rb8 15. Be2 e5 16. O-O exd4 17. Nxd4 Qxc5 18. Qxc5 Nxc5 19. Nxc8 Rfxc8 {0-1 (67) Mordue,A (2230)-Hansen,G (2250) Kiekrz 1995}) 13. Nxb6 Ra3 {Threatens to win with ...b3!} 14. Bd3 {[#]} b3 $1 {[%mdl 512]} 15. Qb2 (15. axb3 Rxa1+) 15... Qa7 {And now ...Qa5+ would win.} 16. Bxe4 dxe4 17. Nd2 {[%cal Bf3d2,Bd2c4,Bc4d6][%mdl 32]} bxa2 ({Black should try} 17... Rxa2 $17 18. Rxa2 Qxa2 19. Qxa2 bxa2) 18. Ndc4 $11 Ra6 19. Nd6 Bd7 20. O-O Bc6 21. Rfe1 Rd8 22. Re2 {[%cal Ra1a2]} Bd5 (22... Rxd6 23. Nc8 $16) (22... Qc7 $1 $15 23. Ndc4 Nd7) 23. Nxd5 exd5 24. Qb3 Nd7 (24... Nc6 $1 $11 {remains equal.} 25. Qxd5 (25. Rexa2 Rxa2 26. Rxa2 Qb8 $11) 25... Rb8) 25. Qxd5 Nf6 26. Qb3 $2 {[%mdl 8192]} (26. Qc4 $11 Rb8 27. Ree1 (27. Rexa2 $2 Rxa2 28. Rf1 e3 $19)) 26... Rb8 $19 27. Qc3 $2 (27. Nb5 Qd7 28. Rexa2 Rxa2 29. Rxa2 Rxb5 30. Ra8+ Ne8 31. Qc2) 27... Ra3 28. Qd2 {intending Ree1.} Rb1+ {[%mdl 64] Double Attack} 29. Re1 Rd3 {Strongly threatening ...Rxa1.} 30. Qe2 Rxe1+ $2 (30... Rdb3 31. Nxe4 Rxe1+ 32. Rxe1 (32. Qxe1 $2 {perishes.} Nxe4 33. c6 f5 $19) 32... Nxe4 33. Qxe4 h6) 31. Qxe1 Qa4 $2 (31... Rb3 $1 $19 {Hoping for ...Qb8.} 32. c6 h6 33. Rxa2 Qxa2) 32. h3 $1 $15 Qxd4 {aiming for ...g6.} 33. Rxa2 {White threatens Ra8+ and mate.} g6 34. Qa5 $2 {[%mdl 8192]} (34. Ra8+ $11 {and White is okay.} Kg7 35. Rd8) 34... e3 $1 $19 35. Qa8+ (35. Qd8+ $142 Kg7 36. Nf5+ gxf5 37. Qxd4 Rxd4 38. fxe3) 35... Kg7 36. Qf3 Rd1+ 37. Kh2 Rd2 38. Ra7 Qe5+ $2 (38... Rxf2 $19 39. Qg3 Nh5) 39. Qg3 $132 {[%mdl 2048] White is not keeping still} Qxg3+ 40. fxg3 {[%mdl 4096] Endgame KRN-KRN} ({Reject} 40. Kxg3 Ne4+ $1 {[%mdl 512]} 41. Nxe4 e2 $17) 40... e2 41. Rxf7+ Kh6 42. Re7 Nd5 43. Re6 Nc3 {[#]} (43... Nc7 $11 44. Re5 Kg7) 44. Nf5+ $1 $16 Kh5 {[#]} (44... Kg5 $16 45. Nh4 Nb5 46. Nf3+ Kf5 47. Re5+ Kf6) 45. c6 (45. g4+ $1 $18 Kg5 46. Ng3) 45... Nb5 $14 46. g4+ Kg5 47. Ng3 Nd4 {[#] ( -> ...Nf3+!)} 48. Rxe2 $1 {[%mdl 512]} Rxe2 49. Nxe2 Nxc6 {KN-KN} 50. Kg3 h6 51. Nc3 {[%cal Rc3e4]} (51. Nc1 {is interesting.} Nd4 52. Nd3 Kf6 53. Kf4 g5+ 54. Ke3) 51... Kf6 52. Kf4 g5+ 53. Ke4 Kg6 54. Kd5 Nb4+ 55. Ke6 Nd3 56. Nd5 Ne1 57. g3 Nf3 58. Ne7+ Kg7 59. Kf5 Ng1 60. Ke4 {Ke3 is the strong threat.} Ne2 61. Kf3 Nd4+ 62. Ke3 Ne6 63. Ke4 Kf6 64. Nd5+ Kg6 65. Ke5 Nc5 66. Ne7+ Kf7 67. Nf5 Kg6 68. Kd4 Nb3+ 69. Kd5 Nd2 70. h4 gxh4 71. gxh4 {Accuracy: White = 45%, Black = 61%.} 1/2-1/2

[Event "Orbis-2 GM 2018"]
[Site "Paracin"]
[Date "2018.12.04"]
[Round "2"]
[White "Krishnater Kushager"]
[Black "Pikula, Dejan"]
[Result "1/2-1/2"]
[WhiteElo "2305"]
[BlackElo "2486"]
[Annotator "TA"]
[PlyCount "121"]
[EventDate "2018.12.03"]
[EventType "tourn"]
[EventCountry "SRB"]
[SourceTitle "playchess.com"]
[Source "ChessBase"]
[SourceQuality "1"]

{[%evp 25,121,63,64,38,50,40,44,23,27,17,50,0,25,25,37,30,35,50,43,36,49,34,62,61,44,29,31,0,0,0,13,0,0,0,24,-5,25,24,24,24,24,14,24,24,24,24,24,24,37,20,47,38,41,41,41,41,39,41,38,14,30,33,36,8,22,-25,-21,-24,-8,-31,-37,-41,0,-6,14,-16,25,0,0,0,21,6,33,14,20,0,4,0,32,46,59,35,50,34,40,0,37,0]} 1. e4 c5 2. Nf3 e6 3. d4 cxd4 4. Nxd4 a6 5. c4 Nf6 6. Nc3 Qc7 7. a3 b6 8. Be3 Bb7 9. f3 d6 10. Be2 Be7 11. O-O O-O {B41: Sicilian: Kan Variation: 5 c4} 12. Qd2 Nbd7 13. Rfc1 Rfc8 {LiveBook: 13 Games} 14. Bf2 $146 ({Predecessor:} 14. Kh1 Rab8 15. Rc2 h5 {1-0 (59) Kantans,T (2478)-Hansen,E (2629) chess.com INT 2018}) 14... Qd8 15. a4 Rab8 16. Bf1 g6 17. Rd1 Qf8 18. Nc2 Nc5 19. Rab1 Nb3 20. Qe1 Nd7 21. Nd4 Na5 22. b3 g5 23. Be3 Kh8 24. Qg3 Qg7 25. f4 gxf4 26. Qxg7+ Kxg7 27. Bxf4 Ne5 28. Nf3 Nac6 29. Ne2 Rd8 30. Rd2 Ng6 31. Be3 Ba8 32. Ng3 Nce5 33. Rbd1 Kg8 34. Nxe5 Nxe5 35. Be2 Bc6 36. Bf4 f6 37. Rc1 Rb7 38. Be3 Ra8 39. Bd4 Be8 40. Ra1 Bg6 41. Bb2 Kf7 42. Ba3 Rd7 43. Rad1 Rad8 44. Rf1 Bf8 {[%cal Be7f8,Bf8h6,Bh6f4,Bf4e5][%mdl 32]} 45. Rfd1 Ke7 46. Kf2 Bh6 47. Rc2 Bf4 48. Bf3 Nf7 49. Ne2 {[%cal Bg3e2,Be2d4,Bd4b5][%mdl 32]} Be5 50. Nd4 {Black must now prevent Nc6+.} Rc7 51. Bb4 Ng5 52. Re2 $1 h5 53. h4 a5 54. Ba3 {[%cal Bb4a3,Ba3c1,Bc1e3][%mdl 32]} Nf7 55. Nb5 Rcd7 56. Bc1 Rg8 57. Be3 Rb7 58. Red2 Bh7 59. Kf1 Bg6 60. Kf2 Bh7 $1 61. Kf1 {Accuracy: White = 42%, Black = 48%.} 1/2-1/2